01393nam a22002537a 4500003000800000008004100008037002000049039003900069040003500108041000800143080001100151100002800162245018200190260023000372300002300602502017900625650005500804650005700859655002300916700003300939942001300972999001700985952013701002BI-BuBU260319b2025 fr fr|||| 000 0 fre d bDon de l'auteur a20260319094056.0bThacien Mutabazi aBI-BuBUbfrecBI-BuBUdBI-BuBU0 afre a633.151 4aut.aNimubona, Richard10aEvaluation des facteurs associés à la contamination du maïs par les aflatoxines bcas des provinces Bururi et CibitokecRichard Nimubona ; Jérémie Ngezahayo; directeur aBujumburabUniversité du Burundi, Centre d'Excellence Sous-Régional en Sciences des Aliments et Nutrition(PA-EANSI), département : Sciences des Aliments et Nutrition, Option : Technologie et qualité des Alimentsc2025 aXIII-87 f.c30 cm. aMémoire présenté et défendu en vue de l'obtention du diplôme de Master en Sciences des aliments et nutrition. Spécialité : Technologie et qualité des aliments 72BI-BuBUaMaïsxContaminationxAflatoxinezBururi 72BI-BuBUaMaïsxContaminationxAflatoxinezCibitoke 72BI-BuBUaMémoire1 4dir.aNgezahayo, Jérémie 2udccMEM c53627d53627 00102udc4071985455aBCbBCd2026-03-19eDon de l'auteurl0oR.633.15 NIM.p5010000483432r2026-03-19t1w2026-03-19yMEMi242133